000 01030nam a22002651u 4500
001 12332
003 HDC
007 cr bn ---
008 210209p2001 my eng
040 _aHDC
100 _aAminuddin Yusof,
_eauthor
_912903
245 0 _aImpact of intensive highland agriculture on the ecosystem /
_cby Aminuddin Yusoff, Wan Abdullah Wan Yusof, Cheah Uan Boh, Ghulam Mohamed Hashim, Zulkefli Malik and Ramsis B. Salam
260 _aSerdang :
_bMalaysian Agricultural Research and Development Institute (MARDI),
_c2001
300 _a1 page
336 _atext
_2rdacontent
337 _acomputer
_2rdamedia
338 _aonline resource
_2rdacarrier
650 _aHighland agriculture
_912904
650 _aWater pollution
_912906
650 _aWater resources
_912905
856 _zRequest full-text at [email protected]
942 _2lcc
942 _cAR
942 _kJART 003100
999 _c9655
_d9655